Agrokomplex 2007 - zdravá výživa, kvalita a tradícia

Bibliographic Details
Main Author: Bíroš, Vincent (Author)
Format: Article
Language:Slovak
PhysicalDescription:Fotogr.
ISSN:1335-0099
Subjects:

MARC

LEADER 00000nab a2200000 a 4500
001 vtls009161722
003 SK-MaSNL
005 20260304150914.0
008 250506c2007 xo |||||||||||000 b|slo
015 |a SNBRB2007/11  |2 snkbucl 
035 |a (uuid)376e0a04-9415-419b-966e-2f7a7bf0d1c6 
035 |a urn:nbn:sk:snk-ab118p 
035 |a (urnnbn)urn:nbn:sk:snk:ar-a03tew 
038 |a SNKBUCL 
040 |a SNKBUCL  |b slo  |c SNKBUCL  |e AACR2 
041 0 |a slo 
044 |a xo  |c SK 
080 |a 631+663/664:061.43  |x (100)  |2 1997 
080 |a 663/664+631:061.43  |x (100)  |2 1997 
100 1 |a Bíroš, Vincent  |4 aut  |9 791236 
245 1 0 |a Agrokomplex 2007 - zdravá výživa, kvalita a tradícia  |c Vincent Bíroš 
300 |b Fotogr. 
611 2 7 |a Agrokomplex  |n (34. :  |d 2007 :  |c Nitra, Slovensko)  |2 snkbucl  |9 1032204 
651 7 |a Nitra (Slovensko)  |2 snkbucl  |9 15714 
773 0 |t Slovenský veterinársky časopis = Slovak veterinary journal  |g Roč. XXXII, č. 4 (2007), s. 266-267  |x 1335-0099 
850 |a Slovenská národná knižnica 
852 |a Slovenská národná knižnica 
954 |a odborná, vedecká literatúra pôvodná (slovenská)  |2 lita 
958 |a article27 
958 |a SK 
958 |a OND 
958 |a EUIPO 
999 |c 2940331  |d 2942261